000 01050nam a22003017a 4500
003 CHAP
005 20220329143933.0
008 120927s2012 mx a r 00010 spa d
010 _a103970
011 _a104942
020 _a9789701068854
035 _a115632
040 _cCHAP
082 0 4 _a512.5
_bV18
100 1 _aValle Sotelo, Juan Carlos del
_9117619
245 1 0 _aÁlgebra lineal :
_bpara estudiantes de ingeniería y ciencias
_c/por Juan Carlos del Valle Sotelo
260 _aMéxico, D.F. :
_bMcGraw-Hill,
_c2012
300 _axvii, 1123 p. :
_bilus.
590 _aBATCH-UPD
_b10
_c20130110
_lUCH01
_h0249
590 _aBATCH-UPD
_b10
_c20130409
_lUCH01
_h2150
590 _aBATCH-UPD
_b10
_c20130914
_lUCH01
_h0245
590 _aCONVERSION
_b10
_c20130109
_lUCH01
_h1357
650 4 _aÁlgebra lineal.
_982392
901 _aBK
942 _cLIBRO
949 _a512.5 V18
_bBC
_cLIBRO
_d33724002336470
_eLIBRO
_gI.c/e
_h116973
_i115632
_st
_t$304.80
949 _a512.5 V18
_bBC
_cLIBRO
_d33724002336512
_eLIBRO
_fc.2
_gI.c/e
_h116974
_i115632
_st
_t$304.80
999 _c103970
_d103970